[Event "I Weekend A"]
[Site "Piverone ITA"]
[Date "2012.03.10"]
[Round "3"]
[White "Castaldo, Folco"]
[Black "Benenati, Gianfranco"]
[WhiteElo "2417"]
[BlackElo "1874"]
[Result "1-0"]
[PlyCount "127"]
[EventDate "2012.03.09"]

1. e4 e5 2. Nc3 Nf6 3. Bc4 Bc5 4. d3 Nc6 5. Bg5 h6 6. Bh4 g5 7. Bg3 d6 8. Na4
Bb4+ 9. c3 Ba5 10. b4 Bb6 11. h4 g4 12. Qb3 Qe7 13. h5 Be6 14. Bh4 Bxc4 15.
Qxc4 O-O 16. Ne2 Qe6 17. Ng3 Ne7 18. Nxb6 cxb6 19. Qxe6 fxe6 20. Bxf6 Rxf6 21.
Rh4 b5 22. Rxg4+ Kh7 23. a4 bxa4 24. Rxa4 d5 25. Ne2 a6 26. f3 Rc8 27. Rh4 Rf7
28. Rh1 Rg7 29. Kf2 Nc6 30. Rb1 Na7 31. Rc1 Rgc7 32. Ke3 Nb5 33. Kd2 Kg7 34.
Raa1 Kf6 35. Rc2 Rg8 36. g3 Nd6 37. Rg1 Rf7 38. Rcc1 Ke7 39. exd5 exd5 40. f4
e4 41. Rce1 Kd7 42. Nd4 exd3 43. Nf3 Nc4+ 44. Kxd3 Rfg7 45. Ne5+ Nxe5+ 46. Rxe5
Rxg3+ 47. Rxg3 Rxg3+ 48. Kd4 Rg4 49. Rxd5+ Ke6 50. Re5+ Kf6 51. Ke4 Rg3 52. Rc5
Rg7 53. Rf5+ Ke6 54. Re5+ Kf6 55. Rd5 Re7+ 56. Kd4 Re6 57. c4 Rc6 58. Rd7 Kf5
59. Rxb7 Kxf4 60. c5 Rc8 61. Rb6 Kg5 62. Rxa6 Kxh5 63. b5 Kg5 64. b6 1-0

[Event "I Weekend A"]
[Site "Piverone ITA"]
[Date "2012.03.10"]
[Round "3"]
[White "Gaidano, Domenico"]
[Black "Siclari, Giovanni"]
[WhiteElo "1562"]
[BlackElo "1956"]
[Result "0-1"]
[PlyCount "72"]
[EventDate "2012.03.09"]

1. e4 c5 2. Nf3 e6 3. d4 cxd4 4. Nxd4 Nc6 5. Nc3 Qc7 6. Be3 a6 7. Be2 b5 8. a3
Bb7 9. Qd2 Nf6 10. f3 Ne5 11. Bf4 d6 12. b3 Rc8 13. Na2 d5 14. Qe3 dxe4 15. c3
Bd6 16. Rd1 Nd3+ 17. Bxd3 Bxf4 18. Bxb5+ axb5 19. Nxb5 Bxe3 20. Nxc7+ Rxc7 21.
Ke2 Bb6 22. b4 Bd5 23. Rd2 e3 24. Rd3 Bxa2 25. Rd6 Nd5 26. Kd3 Ke7 27. Rxb6
Nxb6 28. Kxe3 Rxc3+ 29. Kf4 Rd8 30. Ra1 Bb3 31. b5 h5 32. h4 Rd4+ 33. Kg3 f6
34. a4 Rxa4 35. Re1 g5 36. hxg5 fxg5 0-1

[Event "I Weekend A"]
[Site "Piverone ITA"]
[Date "2012.03.10"]
[Round "3"]
[White "Gennaro, Isabella"]
[Black "Bardone, Lorenzo"]
[WhiteElo "1632"]
[BlackElo "1845"]
[Result "0-1"]
[PlyCount "74"]
[EventDate "2012.03.09"]

1. e4 c5 2. Nf3 e6 3. d4 cxd4 4. Nxd4 Nc6 5. Nc3 Qc7 6. Bc4 a6 7. O-O Nf6 8.
Re1 Nxd4 9. Qxd4 Bc5 10. Qd1 Bxf2+ 11. Kxf2 Qxc4 12. Kg1 O-O 13. Bg5 Qc5+ 14.
Be3 Qc7 15. Bg5 Qe5 16. Bh4 b5 17. a3 Qf4 18. Bg3 Qg4 19. Qd3 Nh5 20. Re3 f5
21. exf5 Qxf5 22. Qd2 Nxg3 23. Rxg3 Bb7 24. Rg5 Qf4 25. Qxf4 Rxf4 26. Ne2 Rf7
27. Ng3 Raf8 28. Rc1 Rf2 29. Nh1 Rd2 30. Rg4 e5 31. b3 e4 32. Ng3 e3 33. Nf1
Re2 34. Rg3 Re8 35. b4 d5 36. h3 d4 37. Kh2 Rc8 0-1

[Event "I Weekend A"]
[Site "Piverone ITA"]
[Date "2012.03.10"]
[Round "3"]
[White "Listello, Massimiliano"]
[Black "Marguerettaz, Davy"]
[WhiteElo "1705"]
[BlackElo "2211"]
[Result "0-1"]
[PlyCount "44"]
[EventDate "2012.03.09"]

1. e4 c5 2. Nc3 Nc6 3. g3 g6 4. Bg2 Bg7 5. f4 e6 6. Nf3 Nge7 7. O-O O-O 8. d3
b6 9. Be3 Rb8 10. Qd2 b5 11. h3 b4 12. Nd1 a5 13. c3 a4 14. d4 a3 15. b3 bxc3
16. Nxc3 Qa5 17. e5 cxd4 18. Nxd4 Nxd4 19. Bxd4 Nf5 20. Rfe1 Rd8 21. Ne4 Qxd2
22. Nxd2 Nxd4 0-1

[Event "I Weekend A"]
[Site "Piverone ITA"]
[Date "2012.03.10"]
[Round "3"]
[White "Migliorini, Matteo"]
[Black "Ranieri, Fabrizio"]
[WhiteElo "1970"]
[BlackElo "2283"]
[Result "0-1"]
[PlyCount "101"]
[EventDate "2012.03.09"]

1. e4 e6 2. d4 d5 3. Nc3 Nf6 4. Bg5 Be7 5. e5 Nfd7 6. h4 Bxg5 7. hxg5 Qxg5 8.
Nh3 Qe7 9. Qg4 g6 10. Ng5 h6 11. Bd3 Nb6 12. Rh3 Nc6 13. Nxf7 h5 14. Qg3 Rh7
15. Ng5 Rg7 16. O-O-O Bd7 17. Ne2 O-O-O 18. Nf4 Rdg8 19. Bb5 Rf8 20. Bxc6 bxc6
21. Nd3 Na4 22. Qe3 Rf5 23. f4 Rf8 24. Nc5 Nxc5 25. dxc5 Rgg8 26. g3 Kb8 27.
Qa3 Ka8 28. Rd4 Rb8 29. Ra4 Rb7 30. Ra6 Qf8 31. Rh2 Rh8 32. Rh4 Qb8 33. Nf3 Rf8
34. Rh1 Rb4 35. c3 Re4 36. Kd2 Qb7 37. b4 Bc8 38. Ra5 Bd7 39. Rb1 h4 40. Nxh4
g5 41. Ng2 gxf4 42. gxf4 Rg8 43. Ne3 Rxf4 44. Rh1 d4 45. cxd4 Rxd4+ 46. Kc3 Re4
47. Rh3 Rxe5 48. Kd4 Reg5 49. Rh7 e5+ 50. Ke4 Be6 51. Qd3 0-1

[Event "I Weekend A"]
[Site "Piverone ITA"]
[Date "2012.03.10"]
[Round "3"]
[White "Pairotti, Alberto"]
[Black "Chiarotto, Filippo"]
[WhiteElo "1557"]
[BlackElo "2082"]
[Result "0-1"]
[PlyCount "126"]
[EventDate "2012.03.09"]

1. e4 c5 2. Bc4 e6 3. Nf3 a6 4. a3 b5 5. Ba2 Bb7 6. d3 d6 7. Ng5 Nf6 8. O-O h6
9. Nxe6 fxe6 10. Bxe6 Qe7 11. Bd5 Bxd5 12. exd5 Kd8 13. Re1 Qf7 14. Qf3 Qxd5
15. Qg3 Nbd7 16. Nc3 Qf7 17. Bf4 Nh5 18. Qf3 Ra7 19. Bg5+ Nhf6 20. Bxf6+ Nxf6
21. Re2 Qd7 22. Rae1 Kc7 23. Nd5+ Nxd5 24. Qxd5 Kb6 25. Re6 Rc7 26. d4 c4 27.
Re8 Rc8 28. R8e6 g5 29. Qf5 Rh7 30. Qh3 h5 31. Qe3 g4 32. d5+ Kb7 33. Qc3 Re7
34. Qf6 Rxe6 35. dxe6 Qe7 36. Qf7 Qxf7 37. exf7 Rc7 38. g3 Rxf7 39. Re8 Bg7 40.
c3 a5 41. Kf1 b4 42. Re3 d5 43. a4 b3 44. Ke1 Kc6 45. Re6+ Kb7 46. Re3 d4 47.
cxd4 Bxd4 48. Re2 Rxf2 49. Rxf2 Bxf2+ 50. Kd2 Bd4 51. Kc1 Kc6 52. Kd2 Bg1 53.
Kc3 Kd5 54. Kd2 Bxh2 55. Ke2 Bxg3 56. Kd1 h4 57. Ke2 h3 58. Kf1 c3 59. bxc3 b2
60. Ke2 Ke4 61. c4 b1=Q 62. Kd2 Qb2+ 63. Kd1 Kd3 0-1

[Event "I Weekend A"]
[Site "Piverone ITA"]
[Date "2012.03.10"]
[Round "3"]
[White "Pane, Gabriele"]
[Black "Trovero, Leo"]
[WhiteElo "1538"]
[BlackElo "1641"]
[Result "1/2-1/2"]
[PlyCount "49"]
[EventDate "2012.03.09"]

1. d4 Nf6 2. c4 e6 3. Nc3 Bb4 4. Qc2 d5 5. Bg5 h6 6. Bf4 O-O 7. a3 Bxc3+ 8.
Qxc3 Nc6 9. e3 Ne4 10. Qc2 g5 11. Bg3 f5 12. f3 f4 13. Bxf4 gxf4 14. fxe4 Qh4+
15. Qf2 Qxf2+ 16. Kxf2 dxe4 17. exf4 Nxd4 18. Rd1 Rxf4+ 19. Ke3 e5 20. Rxd4
Rxf1 21. Rxe4 Re1+ 22. Kf3 Rxe4 23. Kxe4 Be6 24. Nf3 Bxc4 25. Nxe5 1/2-1/2

[Event "I Weekend A"]
[Site "Piverone ITA"]
[Date "2012.03.10"]
[Round "3"]
[White "Paonessa, Denis"]
[Black "Bosticardo, Tommaso"]
[WhiteElo "1854"]
[BlackElo "1774"]
[Result "0-1"]
[PlyCount "114"]
[EventDate "2012.03.09"]

1. d4 d5 2. c4 e6 3. Nc3 Nf6 4. Bg5 Be7 5. e3 O-O 6. Nf3 h6 7. Bh4 b6 8. Qc2
Bb7 9. Bxf6 Bxf6 10. cxd5 exd5 11. g4 c5 12. O-O-O cxd4 13. exd4 Nc6 14. h4 Rc8
15. g5 hxg5 16. hxg5 Bxg5+ 17. Nxg5 Qxg5+ 18. Kb1 g6 19. Bh3 Rcd8 20. Rdg1 Qf6
21. Bf5 Ne7 22. Bd3 Kg7 23. Ne2 Rc8 24. Qd2 Rh8 25. Ng3 Rxh1 26. Rxh1 Rh8 27.
Rxh8 Kxh8 28. Qh6+ Kg8 29. Qe3 Bc8 30. Kc1 Be6 31. a3 Nc6 32. Ne2 Ne7 33. Nf4
Nf5 34. Bxf5 Qxf5 35. Nd3 Qf6 36. Nb4 Qd8 37. Kd2 a5 38. Nc6 Qc7 39. Ne5 Bf5
40. Qb3 Be6 41. Qe3 Bf5 42. Qb3 Qd6 43. Qb5 Kg7 44. Qe2 f6 45. Nd3 Bxd3 46.
Kxd3 Qd8 47. Kd2 Kf7 48. Qd3 Qc7 49. Qb3 Qf4+ 50. Qe3 Qxe3+ 51. Kxe3 Ke6 52.
Kf4 Kd6 53. Ke3 a4 54. Kf3 Kc6 55. Ke3 Kb5 56. Kd3 g5 57. Kc3 f5 0-1

[Event "I Weekend A"]
[Site "Piverone ITA"]
[Date "2012.03.10"]
[Round "3"]
[White "Razzano, Lorenzo"]
[Black "Buffa, Sabarino Pietro"]
[WhiteElo "1950"]
[BlackElo "1686"]
[Result "1-0"]
[PlyCount "97"]
[EventDate "2012.03.09"]

1. e4 e6 2. Nf3 d5 3. Nc3 c5 4. exd5 exd5 5. Bb5+ Bd7 6. Qe2+ Ne7 7. Nxd5 a6 8.
Bxd7+ Nxd7 9. O-O Nb8 10. Nxe7 Qxe7 11. Qxe7+ Bxe7 12. Re1 Nc6 13. d3 O-O 14.
Bd2 Bf6 15. Bc3 Nd4 16. Nxd4 cxd4 17. Ba5 Rfc8 18. Re2 b6 19. Be1 Rc5 20. g3
Rac8 21. Rc1 g6 22. f4 Kg7 23. Bf2 Rb5 24. b3 Ra5 25. a4 Rd5 26. Re4 b5 27.
axb5 axb5 28. Kf1 Rdd8 29. Ke2 Re8 30. Rxe8 Rxe8+ 31. Kd2 Ra8 32. Re1 h5 33.
Re4 Rd8 34. h3 Kf8 35. g4 hxg4 36. hxg4 Rd5 37. b4 Bg7 38. Ke2 Rd6 39. f5 g5
40. Kf3 Rd5 41. Bg3 Bf6 42. Bc7 Bg7 43. Bb6 Be5 44. Bc5+ Kg7 45. Rxe5 Rxe5 46.
Bxd4 f6 47. Bxe5 fxe5 48. Ke4 Kf6 49. c3 1-0

[Event "I Weekend A"]
[Site "Piverone ITA"]
[Date "2012.03.10"]
[Round "3"]
[White "Tricerri, Pierino"]
[Black "Penna, Tommaso"]
[WhiteElo "1491"]
[BlackElo "1821"]
[Result "0-1"]
[PlyCount "44"]
[EventDate "2012.03.09"]

1. d4 Nf6 2. c4 g6 3. Nc3 d5 4. f3 Bg7 5. e4 dxe4 6. fxe4 O-O 7. h3 c5 8. d5
Qc7 9. Nge2 Rd8 10. Bf4 e5 11. Nb5 Qa5+ 12. Bd2 Qb6 13. Nec3 Ne8 14. Na4 Qf6
15. Nxc5 Qh4+ 16. Ke2 b6 17. Nd3 Qxe4+ 18. Be3 Qxc4 19. Nc3 e4 20. Bg5 exd3+
21. Qxd3 Qxd3+ 22. Kxd3 Bf5+ 0-1

[Event "I Weekend A"]
[Site "Piverone ITA"]
[Date "2012.03.11"]
[Round "4"]
[White "Benenati, Gianfranco"]
[Black "Pairotti, Alberto"]
[WhiteElo "1874"]
[BlackElo "1557"]
[Result "1-0"]
[PlyCount "89"]
[EventDate "2012.03.09"]

1. e4 e6 2. d4 d5 3. e5 c5 4. c3 Qb6 5. Nf3 Nc6 6. Be2 Nh6 7. Bxh6 Qxb2 8. Bc1
Qxa1 9. Qc2 cxd4 10. Bb5 Bd7 11. Nfd2 d3 12. Bxd3 Na5 13. O-O Rc8 14. Nb3 Nxb3
15. Qxb3 Rc6 16. Bb2 Rb6 17. Bxa1 Rxb3 18. axb3 Be7 19. Nd2 b5 20. Bb2 O-O 21.
Ra1 Ra8 22. Ba3 Bg5 23. Nf3 Bh6 24. Bb4 g6 25. Nd4 a6 26. Bxb5 Bxb5 27. Nxb5
Bf4 28. Bd6 f6 29. exf6 g5 30. g3 Bd2 31. Be5 g4 32. Nc7 Rc8 33. c4 d4 34. Nxe6
Kf7 35. Nxd4 Bc3 36. Rxa6 Rd8 37. Ra7+ Kg6 38. Rg7+ Kh5 39. Rxh7+ Kg6 40. Rg7+
Kh5 41. f7 Bxd4 42. Bxd4 Kh6 43. Rxg4 Rxd4 44. Rxd4 Kg7 45. c5 1-0

[Event "I Weekend A"]
[Site "Piverone ITA"]
[Date "2012.03.11"]
[Round "4"]
[White "Bogatto, Mario"]
[Black "Bozio, Stefano"]
[WhiteElo "1421"]
[BlackElo "1500"]
[Result "1/2-1/2"]
[PlyCount "89"]
[EventDate "2012.03.09"]

1. c4 e5 2. Nc3 Nc6 3. Nf3 Nf6 4. d3 Bc5 5. e3 O-O 6. Be2 Bb4 7. Bd2 b6 8. a3
Bd6 9. Ng5 h6 10. Nge4 Bb7 11. Nxd6 cxd6 12. Bf3 Qe7 13. O-O Rab8 14. Qc2 Qe6
15. Nd5 Nxd5 16. cxd5 Qe7 17. dxc6 Rbc8 18. Qb3 Bxc6 19. Bxc6 dxc6 20. Rac1 g5
21. e4 h5 22. f3 Kg7 23. Rf2 f5 24. exf5 Rxf5 25. Rcf1 Rcf8 26. Bc3 Qf6 27. Qd1
d5 28. d4 e4 29. f4 gxf4 30. Bb4 Rf7 31. Bc3 f3 32. gxf3 Rg5+ 33. Kh1 Kh8 34.
fxe4 Qxf2 35. Rxf2 Rxf2 36. e5 Kh7 37. e6 Kh6 38. e7 Rgg2 39. Qc1+ Kg7 40. Qf4
Rxf4 41. e8=Q Rgg4 42. Qe5+ Kg8 43. Qe6+ Kg7 44. Qe5+ Kg8 45. Qe6+ 1/2-1/2

[Event "I Weekend A"]
[Site "Piverone ITA"]
[Date "2012.03.11"]
[Round "4"]
[White "Bosticardo, Andrea"]
[Black "Bozza, Alberto"]
[WhiteElo "1329"]
[BlackElo "1589"]
[Result "0-1"]
[PlyCount "102"]
[EventDate "2012.03.09"]

1. d4 Nf6 2. c4 g6 3. Nc3 d5 4. cxd5 Nxd5 5. e4 Nxc3 6. Qc2 Nxe4 7. Qxe4 Bg7 8.
Nf3 c6 9. Bc4 Bf5 10. Qf4 O-O 11. O-O Nd7 12. Ng5 e5 13. Qh4 h6 14. Nf3 Qxh4
15. Nxh4 Be6 16. Bd3 exd4 17. b3 Nc5 18. Bc2 d3 19. Bxd3 Nxd3 20. Ba3 Bxa1 21.
Bxf8 Bg7 22. Bxg7 Kxg7 23. Rd1 Nf4 24. h3 Nd5 25. Nf3 Nc3 26. Rd3 Nxa2 27. Ne5
Nb4 28. Rd4 c5 29. Rh4 g5 30. Re4 f5 31. Re1 Kf6 32. Nf3 Bxb3 33. Rb1 Bc2 34.
Rf1 a5 35. Nd2 a4 36. Nc4 b5 37. Nd6 a3 38. Nxb5 a2 39. Nc7 a1=Q 40. Rxa1 Rxa1+
41. Kh2 Ke5 42. Nb5 c4 43. Nc3 Na2 44. Ne2 Bd3 45. Ng3 c3 46. Nh5 c2 47. Kg3
c1=Q 48. h4 f4+ 49. Kg4 Qc8+ 50. Kf3 Be4+ 51. Ke2 Qc2# 0-1

[Event "I Weekend A"]
[Site "Piverone ITA"]
[Date "2012.03.11"]
[Round "4"]
[White "Bosticardo, Tommaso"]
[Black "Marguerettaz, Davy"]
[WhiteElo "1774"]
[BlackElo "2211"]
[Result "0-1"]
[PlyCount "68"]
[EventDate "2012.03.09"]

1. d4 d5 2. c4 c6 3. cxd5 cxd5 4. Nc3 e5 5. dxe5 d4 6. Ne4 Qa5+ 7. Nd2 Qxe5 8.
Ngf3 Qd6 9. Nb3 Nc6 10. Nfxd4 Bg4 11. Nxc6 Qxc6 12. Qd4 Nf6 13. Bd2 Rd8 14. Qc3
Qe6 15. Qe3 Qxe3 16. Bxe3 Nd5 17. O-O-O Rc8+ 18. Kb1 Bf5+ 19. Ka1 Nxe3 20. fxe3
g6 21. Rg1 Bh6 22. g4 Bc2 23. Rd5 Bxb3 24. axb3 Rc1+ 25. Ka2 O-O 26. g5 Bg7 27.
Rd2 f6 28. Rh1 fxg5 29. Bg2 Rxh1 30. Bxh1 g4 31. Bxb7 Be5 32. Bd5+ Kh8 33. Be6
h5 34. Rd7 Bxh2 0-1

[Event "I Weekend A"]
[Site "Piverone ITA"]
[Date "2012.03.11"]
[Round "4"]
[White "Buffa, Sabarino Pietro"]
[Black "Migliorini, Matteo"]
[WhiteElo "1686"]
[BlackElo "1970"]
[Result "0-1"]
[PlyCount "60"]
[EventDate "2012.03.09"]

1. e4 c5 2. Nf3 d6 3. d4 cxd4 4. Nxd4 Nf6 5. Nc3 g6 6. Be3 Bg7 7. Bb5+ Bd7 8.
O-O Nc6 9. Re1 O-O 10. Qd2 Ng4 11. Rad1 Nxe3 12. fxe3 Ne5 13. Bxd7 Qxd7 14. Rf1
Nc4 15. Qf2 Nxb2 16. Rb1 Nc4 17. Rfd1 Rac8 18. Nd5 Ne5 19. Nb5 b6 20. Nd4 Rc5
21. Rf1 Ng4 22. Qe2 Nf6 23. Nxf6+ Bxf6 24. Rbc1 Qa4 25. c3 Rfc8 26. Qd2 Qa3 27.
Rfe1 Rxc3 28. Nb5 Qxc1 29. Rxc1 Rxc1+ 30. Kf2 R8c2 0-1

[Event "I Weekend A"]
[Site "Piverone ITA"]
[Date "2012.03.11"]
[Round "4"]
[White "Cantamessa, Marco"]
[Black "Listello, Massimiliano"]
[WhiteElo "1527"]
[BlackElo "1705"]
[Result "0-1"]
[PlyCount "70"]
[EventDate "2012.03.09"]

1. c4 Nf6 2. Nf3 g6 3. g3 Bg7 4. Bg2 O-O 5. O-O d6 6. Nc3 e5 7. d3 Nc6 8. Bg5
h6 9. Bd2 Nh7 10. Qc1 g5 11. h3 f5 12. e4 f4 13. g4 Be6 14. a3 Qd7 15. Nh2 Nd4
16. Qd1 h5 17. f3 b5 18. cxb5 Bb3 19. Qc1 Rab8 20. Be1 Nc2 21. Rb1 Ne3 22. Rf2
d5 23. Nxd5 Bxd5 24. exd5 Rxb5 25. Nf1 Nxg2 26. Kxg2 Nf6 27. Qc4 Nxd5 28. Bc3
Kh8 29. Re2 Nxc3 30. Qxc3 e4 31. Qc4 exd3 32. Rd2 Rd5 33. Rdd1 hxg4 34. hxg4
Re8 35. Nd2 Re2+ 0-1

[Event "I Weekend A"]
[Site "Piverone ITA"]
[Date "2012.03.11"]
[Round "4"]
[White "Cappa, Enrico"]
[Black "Gaidano, Domenico"]
[WhiteElo "1658"]
[BlackElo "1562"]
[Result "1-0"]
[PlyCount "74"]
[EventDate "2012.03.09"]

1. e4 c5 2. c3 d6 3. d4 cxd4 4. cxd4 e6 5. Nf3 Nc6 6. d5 exd5 7. exd5 Nb8 8.
Be2 Nf6 9. O-O g6 10. Re1 Be7 11. Bh6 Qb6 12. Bg7 Ng4 13. Bd4 Qb4 14. Bxh8 f6
15. h3 Ne5 16. Nxe5 fxe5 17. Nd2 Kf7 18. Bg4 Nd7 19. Bxd7 Bxd7 20. Qf3+ Kg8 21.
Bxe5 Qxd2 22. Qc3 Qxc3 23. Bxc3 Kf7 24. Bb4 a5 25. Bd2 b5 26. Rac1 Bd8 27. Bf4
Kg8 28. Bxd6 Bg5 29. Rc7 Bf5 30. Be7 Bf4 31. d6 Ra6 32. Bf6 Kf8 33. Rxh7 Rxd6
34. Be7+ Kg8 35. Bxd6 Bxd6 36. Ra7 Bf8 37. Re8 Be4 1-0

[Event "I Weekend A"]
[Site "Piverone ITA"]
[Date "2012.03.11"]
[Round "4"]
[White "Carraria Martinotti, Ludovico"]
[Black "Pane, Gabriele"]
[WhiteElo "1628"]
[BlackElo "1538"]
[Result "1-0"]
[PlyCount "43"]
[EventDate "2012.03.09"]

1. e4 e6 2. d4 d5 3. Nd2 c5 4. exd5 Qxd5 5. Ngf3 cxd4 6. Nb3 Nc6 7. Nfxd4 Nxd4
8. Qxd4 Nf6 9. Qxd5 Nxd5 10. Bc4 Nb4 11. Kd1 Bd7 12. c3 Nc6 13. Be3 b6 14. Kc2
Be7 15. Rad1 Rd8 16. Bb5 O-O 17. Rxd7 Rxd7 18. Bxc6 Rd6 19. Bf3 e5 20. Re1 f5
21. Bf4 Re6 22. Bd5 1-0

[Event "I Weekend A"]
[Site "Piverone ITA"]
[Date "2012.03.11"]
[Round "4"]
[White "Castaldo, Antonio"]
[Black "Ferraro, Federico"]
[WhiteElo "1651"]
[BlackElo "1562"]
[Result "0-1"]
[PlyCount "124"]
[EventDate "2012.03.09"]

1. Nf3 Nf6 2. g3 d5 3. Bg2 c5 4. d3 Nc6 5. O-O e5 6. Nbd2 Bd6 7. e4 d4 8. Nc4
b5 9. Nxd6+ Qxd6 10. Nh4 Ne7 11. f4 Bg4 12. fxe5 Qxe5 13. Nf3 Qe6 14. Qe2 Bxf3
15. Rxf3 Ng6 16. Qf1 Ne5 17. Rf5 Nfd7 18. Bh3 O-O 19. Bf4 Qe7 20. Bxe5 Nxe5 21.
c3 Rfd8 22. Rd1 dxc3 23. bxc3 Qe6 24. d4 Nc4 25. Rf4 Qh6 26. Rf3 Ne3 27. Rxe3
Qxe3+ 28. Kh1 Qxe4+ 29. Bg2 Qc2 30. Bxa8 Rxa8 31. dxc5 Qxc3 32. Rc1 Qb4 33. c6
Rc8 34. c7 Qe4+ 35. Kg1 Qe5 36. Qd1 Qe7 37. Qf3 h6 38. Qc6 Qe6 39. Qc5 Qb6 40.
Qxb6 axb6 41. Rc6 Kf8 42. Kf2 Ke7 43. Kf3 Kd7 44. Rxb6 Rxc7 45. Rxb5 Rc2 46.
Ra5 Rxh2 47. a4 Ra2 48. Ra7+ Ke6 49. a5 Ra3+ 50. Kg2 f6 51. a6 Kf5 52. Ra8 Kg4
53. a7 Rxg3+ 54. Kf2 Ra3 55. Rd8 Rxa7 56. Rd1 g5 57. Rg1+ Kf4 58. Ke2 g4 59.
Rf1+ Kg5 60. Ke3 f5 61. Kf2 Ra3 62. Rh1 Rh3 0-1

[Event "I Weekend A"]
[Site "Piverone ITA"]
[Date "2012.03.11"]
[Round "4"]
[White "Chiarotto, Filippo"]
[Black "Razzano, Lorenzo"]
[WhiteElo "2082"]
[BlackElo "1950"]
[Result "1/2-1/2"]
[PlyCount "35"]
[EventDate "2012.03.09"]

1. e4 e5 2. Nf3 Nc6 3. Bb5 Nf6 4. O-O Nxe4 5. d4 Nd6 6. Bxc6 dxc6 7. dxe5 Nf5
8. Qxd8+ Kxd8 9. Rd1+ Ke8 10. Bf4 h6 11. e6 Bxe6 12. Bxc7 Rc8 13. Be5 f6 14.
Bc3 Bc5 15. Nbd2 Bd5 16. Re1+ Kf7 17. Ne4 Bxe4 18. Rxe4 1/2-1/2

[Event "I Weekend A"]
[Site "Piverone ITA"]
[Date "2012.03.11"]
[Round "4"]
[White "Lavino, Stefano"]
[Black "Gennaro, Isabella"]
[WhiteElo "1677"]
[BlackElo "1632"]
[Result "1-0"]
[PlyCount "67"]
[EventDate "2012.03.09"]

1. Nf3 d5 2. d4 Nf6 3. g3 Bf5 4. Bg2 e6 5. O-O Bd6 6. c4 c5 7. Nc3 Nc6 8. cxd5
exd5 9. h3 c4 10. Re1 O-O 11. Nh4 Be6 12. e4 Bb4 13. Bg5 Be7 14. Bxf6 Bxf6 15.
exd5 Bxh4 16. gxh4 Bxd5 17. Nxd5 Qxh4 18. Re4 Qd8 19. Rg4 Re8 20. Ne3 Na5 21.
Rc1 Rc8 22. d5 b5 23. Qd4 g6 24. Nf5 f6 25. Ng3 Rc7 26. Re4 Rxe4 27. Nxe4 Rf7
28. Re1 Nc6 29. Qc5 Ne5 30. Qxb5 Qc7 31. Qc5 Qd7 32. Rd1 f5 33. Nd2 Qa4 34. Re1
1-0

[Event "I Weekend A"]
[Site "Piverone ITA"]
[Date "2012.03.11"]
[Round "4"]
[White "Papalini, Claudio"]
[Black "Paonessa, Denis"]
[WhiteElo "1634"]
[BlackElo "1854"]
[Result "0-1"]
[PlyCount "86"]
[EventDate "2012.03.09"]

1. d4 Nf6 2. Bf4 c5 3. e3 Qb6 4. b3 Nc6 5. Nf3 cxd4 6. exd4 g6 7. Nc3 Bg7 8.
Be2 O-O 9. O-O d6 10. Rc1 Bd7 11. Re1 Rac8 12. Nb1 Nd5 13. Be3 Nxe3 14. fxe3 e5
15. c3 Bh6 16. Bf1 Bg4 17. h3 Bd7 18. Re2 e4 19. Nfd2 d5 20. c4 Nb4 21. c5 Qf6
22. Nc3 Be6 23. a3 Nd3 24. Rc2 Bxe3+ 25. Rxe3 Qf2+ 26. Kh2 Qxe3 27. Bxd3 Qxd3
28. Nf1 Qxd1 29. Nxd1 b6 30. c6 Rc7 31. b4 b5 32. Nde3 Rfc8 33. Rc5 a6 34. Nxd5
Bxd5 35. Rxd5 Rxc6 36. Rc5 Rxc5 37. dxc5 a5 38. Ne3 axb4 39. axb4 f5 40. Nd5
Kf7 41. Kg3 Ke6 42. Nc3 Rb8 43. Kf4 h6 0-1

[Event "I Weekend A"]
[Site "Piverone ITA"]
[Date "2012.03.11"]
[Round "4"]
[White "Penna, Tommaso"]
[Black "Bellafiore, Enzo"]
[WhiteElo "1821"]
[BlackElo "1798"]
[Result "1-0"]
[PlyCount "83"]
[EventDate "2012.03.09"]

1. d4 e6 2. c4 d5 3. Nc3 a6 4. cxd5 exd5 5. Nf3 Nf6 6. Bg5 Be7 7. e3 O-O 8. Qc2
Nbd7 9. Bd3 Re8 10. O-O c6 11. Rab1 h6 12. Bf4 Nf8 13. b4 Bd7 14. Ne5 Rc8 15.
h3 Ne6 16. Bg3 Ng5 17. Rfc1 Be6 18. a4 Nd7 19. h4 Nh3+ 20. gxh3 Nxe5 21. Bxe5
Bxh3 22. Kh2 Be6 23. Rg1 Bf8 24. Rg3 Qxh4+ 25. Kg2 Qe7 26. Rh1 f6 27. Bf4 g5
28. e4 Bg7 29. Be3 Qxb4 30. e5 Qe7 31. exf6 Qxf6 32. Bh7+ Kh8 33. Bxg5 Qf8 34.
Rf3 Bf7 35. Bg6 Rc7 36. Bxh6 Bxh6 37. Rxh6+ Qxh6 38. Rh3 Qxh3+ 39. Kxh3 Be6+
40. Kh2 Kg7 41. Bxe8 Kf8 42. Bg6 1-0

[Event "I Weekend A"]
[Site "Piverone ITA"]
[Date "2012.03.11"]
[Round "4"]
[White "Ranieri, Fabrizio"]
[Black "Castaldo, Folco"]
[WhiteElo "2283"]
[BlackElo "2417"]
[Result "1/2-1/2"]
[PlyCount "32"]
[EventDate "2012.03.09"]

1. e4 c5 2. Nf3 Nc6 3. d4 cxd4 4. Nxd4 g6 5. Nc3 Bg7 6. Be3 Nf6 7. Bc4 Qa5 8.
O-O O-O 9. Bb3 d6 10. h3 Bd7 11. Re1 Rfc8 12. Nd5 Qd8 13. Bg5 Nxd4 14. Bxf6
exf6 15. Qxd4 Bc6 16. Qd3 Bxd5 1/2-1/2

[Event "I Weekend A"]
[Site "Piverone ITA"]
[Date "2012.03.11"]
[Round "4"]
[White "Siclari, Giovanni"]
[Black "Arruzza, Francesco"]
[WhiteElo "1956"]
[BlackElo "1830"]
[Result "1-0"]
[PlyCount "117"]
[EventDate "2012.03.09"]

1. Nf3 d5 2. c4 e6 3. e3 c6 4. Nc3 Nf6 5. b3 Bd6 6. Bb2 Nbd7 7. d4 O-O 8. Bd3
Re8 9. O-O Qe7 10. e4 dxe4 11. Nxe4 Nxe4 12. Bxe4 Nf6 13. Bc2 Ba3 14. Bc3 Bb4
15. Qd2 Bxc3 16. Qxc3 c5 17. dxc5 Qxc5 18. b4 Qh5 19. Rfe1 b6 20. Ba4 Bd7 21.
Bxd7 Nxd7 22. Ne5 Nxe5 23. Qxe5 Qxe5 24. Rxe5 Rac8 25. c5 f6 26. Re4 bxc5 27.
b5 Kf7 28. Rc4 Re7 29. Rac1 Rec7 30. Kf1 e5 31. Ke2 Ke6 32. Kd3 f5 33. Kc3 Rd8
34. Ra4 e4 35. Ra6+ Rd6 36. Rxd6+ Kxd6 37. Kc4 f4 38. Rd1+ Ke6 39. a4 Rd7 40.
Ra1 Kd6 41. a5 Ke5 42. b6 e3 43. a6 Ke4 44. f3+ Kf5 45. b7 Rd8 46. Rb1 e2 47.
Re1 Re8 48. Kxc5 g5 49. Kc6 g4 50. fxg4+ Kxg4 51. Kc7 f3 52. gxf3+ Kxf3 53.
b8=Q Rxb8 54. Kxb8 Kf2 55. Ra1 e1=Q 56. Rxe1 Kxe1 57. Kxa7 Kf2 58. Kb6 Kg2 59.
h4 1-0

[Event "I Weekend A"]
[Site "Piverone ITA"]
[Date "2012.03.11"]
[Round "4"]
[White "Trovero, Leo"]
[Black "Tricerri, Pierino"]
[WhiteElo "1641"]
[BlackElo "1491"]
[Result "0-1"]
[PlyCount "46"]
[EventDate "2012.03.09"]

1. e4 c5 2. Nc3 d6 3. g3 g6 4. Bg2 Bg7 5. f4 Nc6 6. Nf3 Bg4 7. O-O Nf6 8. h3
Bxf3 9. Qxf3 Nd4 10. Qd1 Nh5 11. Kh2 O-O 12. Ne2 Ne6 13. g4 Nhxf4 14. Nxf4 Be5
15. d3 g5 16. Qe1 gxf4 17. Bh1 Kh8 18. Bd2 Nd4 19. Bc3 Nxc2 20. Bxe5+ dxe5 21.
Qc3 Nxa1 22. Rxf4 Qd4 23. Qxd4 cxd4 0-1

[Event "I Weekend A"]
[Site "Piverone ITA"]
[Date "2012.03.11"]
[Round "5"]
[White "Arruzza, Francesco"]
[Black "Carraria Martinotti, Ludovico"]
[WhiteElo "1830"]
[BlackElo "1628"]
[Result "0-1"]
[PlyCount "78"]
[EventDate "2012.03.09"]

1. e4 d5 2. exd5 Qxd5 3. Nc3 Qa5 4. d4 Nf6 5. Bd2 c6 6. Ne4 Qf5 7. Nxf6+ Qxf6
8. Nf3 Bg4 9. Bc3 Bxf3 10. gxf3 e6 11. Bd3 Bd6 12. Qe2 Nd7 13. O-O-O Qh6+ 14.
Kb1 O-O-O 15. Rdg1 Rdg8 16. Rg2 Nf6 17. Be4 Nd5 18. Bxd5 exd5 19. Qd3 Qf6 20.
Bd2 Bf4 21. Be3 Bxe3 22. Qxe3 Re8 23. Qd3 g6 24. c3 Re6 25. h4 Rhe8 26. Rgg1
Re2 27. Rf1 Qf4 28. Rd1 Rxf2 29. Rhe1 Rxe1 30. Rxe1 Rxf3 31. Qe2 Qf5+ 32. Ka1
Qe6 33. Qd2 Qh3 34. Qe2 Qxh4 35. a4 Rf4 36. Qe5 Qf6 37. Qe8+ Qd8 38. Qe5 Rf6
39. b4 Re6 0-1

[Event "I Weekend A"]
[Site "Piverone ITA"]
[Date "2012.03.11"]
[Round "5"]
[White "Bellafiore, Enzo"]
[Black "Castaldo, Antonio"]
[WhiteElo "1798"]
[BlackElo "1651"]
[Result "1-0"]
[PlyCount "43"]
[EventDate "2012.03.09"]

1. d4 Nf6 2. Bf4 g6 3. e3 Bg7 4. Nf3 d6 5. Nbd2 O-O 6. Bd3 Nc6 7. h3 Re8 8. Bb5
Bd7 9. Bxc6 Bxc6 10. c4 Bxf3 11. Nxf3 Nd7 12. O-O Rb8 13. Qa4 a6 14. Rad1 c5
15. dxc5 Nxc5 16. Qc2 Qa5 17. a3 Qa4 18. Qc1 Qb3 19. Nd4 Bxd4 20. exd4 Nd3 21.
Qe3 Nxf4 22. Qxb3 1-0